الصابئون : (Record no. 7242)
[ view plain ]
| 000 -الفاتح | |
|---|---|
| حقل البيانات ثابتة الطول | 01575nac a22002531u 4500 |
| 008 - عناصر البيانات ثابتة الطول - معلومات عامة | |
| حقل البيانات ثابتة الطول | 100721s1970 ua|||||r|||| 001 0 ara d |
| 082 ## - رقم تصنيف ديوى العشرى | |
| رقم التصنيف | 249.243 |
| رقم المادة | ح س ن |
| رقم الطبعة | 22 |
| 100 ## - المدخل الرئيسى - إسم شخصى | |
| الإسم الشخصى | الحسني، السيد عبد الرزاق |
| 9 (RLIN) | 16615 |
| 245 ## - بيان العنوان | |
| العنوان | الصابئون : |
| بقية العنوان | في حاضرهم وماضيهم / |
| بيان المسئوليه,etc | السيد عبد الرزاق الحسني |
| 250 ## - بيان الطبعة | |
| بيان الطبعة | ط ، 4 |
| بقية بيان الطبعة | مصححةوموسعة |
| 260 ## - PUBLICATION, DISTRIBUTION, ETC. (IMPRINT) | |
| مكان الناشر او الموزع | صيدا : |
| اسم الناشر او الموزع | ،مطبعة العرفان |
| تاريخ النشر أو التوزيع | 1970. |
| 300 ## - الوصف المادى | |
| التعداد | 152 ص؛ |
| أبعاد الوعاء | 24 سم |
| 500 ## - تبصرة عامة | |
| تبصرة عامة | يحتوي على كشاف |
| 511 ## - | |
| -- | Catalogued by: Sara |
| 520 ## - التبصرة الخاصة بالتعليق أو التلخيص | |
| ملخص,الخ | تبحث هذة الرسالة في "الصائبة قديما وحديثا" و تتكلم عن معتقداتهم الروحية،وفرقهم الدينية، وكتبهم المقدسة، وعلي "يحيي بن زكريا" الذي ينتمون إليه، وتضم بين دفتيها أدق المعلومات وأصدقها عن طقوسهم الدينية، وعادتهم الأجتماعية ، وأعيادهم القومية، وعدد نفوسهم ومساكنهم، وصناعاتهم، والمحرمات عندهم. |
| 541 ## - تبصرة المصدر المباشر للتزويد | |
| مصدر التزويد | ألف باء؛ |
| طريقة التزويد | شراء؛ |
| 650 ## - المدخل الاضافى بالموضوع-مصطلح موضوعى | |
| مصطلح موضوعي أو اسم جغرافي كعنصر مدخل | الصابئة |
| 9 (RLIN) | 16622 |
| 650 ## - المدخل الاضافى بالموضوع-مصطلح موضوعى | |
| مصطلح موضوعي أو اسم جغرافي كعنصر مدخل | الإلحاد والملحدون |
| 9 (RLIN) | 16741 |
| 650 ## - المدخل الاضافى بالموضوع-مصطلح موضوعى | |
| مصطلح موضوعي أو اسم جغرافي كعنصر مدخل | الردة |
| 9 (RLIN) | 16742 |
| 650 ## - المدخل الاضافى بالموضوع-مصطلح موضوعى | |
| مصطلح موضوعي أو اسم جغرافي كعنصر مدخل | الكفر |
| 9 (RLIN) | 16743 |
| 650 ## - المدخل الاضافى بالموضوع-مصطلح موضوعى | |
| مصطلح موضوعي أو اسم جغرافي كعنصر مدخل | المرتدون |
| 9 (RLIN) | 16744 |
| 942 ## - عناصر المدخل الإضافي( كوها) | |
| Koha [default] item type | Book - Borrowing |
| سابقة رقم الطلب | 249.243 ح س ن |
| مصدر التصنيف او مخطط الترفيف | Dewey Decimal Classification |
| حالة التراجع | حالة الفقد | مصدر التصنيف او خطة الترفيف | حالة تلف | ليس للاعارة | مجموعات كوها | المكان الدائم | المكان الحالي | موقع الترفيف | تاريخ الاكتساب | Source of acquisition | رقم الاستدعاء | الباركود | Date last seen | نوع الوعاء |
|---|---|---|---|---|---|---|---|---|---|---|---|---|---|---|
| Dewey Decimal Classification | Alef-Baa | Central Library | Central Library | Lower Floor | 21/07/2010 | 249.243 الح | 000008682 | 15/07/2025 | Book - Borrowing |